| 000 | 01347nam a2200325Ia 4500 | ||
|---|---|---|---|
| 001 | ebr10282680 | ||
| 003 | CaPaEBR | ||
| 006 | m u | ||
| 007 | cr cn||||||||| | ||
| 008 | 081022s2009 gw a sb 001 0 eng d | ||
| 010 | _z 2008046424 | ||
| 020 | _z9783110205169 (alk. paper) | ||
| 020 | _z3110205165 (alk. paper) | ||
| 040 |
_aCaPaEBR _cCaPaEBR |
||
| 035 | _a(OCoLC)646804416 | ||
| 050 | 1 | 4 |
_aPL1315.X56 _bY8 2009eb |
| 100 | 1 |
_aYu, Ning, _d1954- |
|
| 245 | 1 | 4 |
_aThe Chinese heart in a cognitive perspective _h[electronic resource] : _bculture, body, and language / _cby Ning Yu. |
| 260 |
_aBerlin : _bMouton de Gruyter, _cc2009. |
||
| 300 |
_aix, 444 p. : _bill. |
||
| 490 | 1 |
_aApplications of cognitive linguistics, _x1861-4078 ; _v12 |
|
| 504 | _aIncludes bibliographical references (p. [411]-437) and indexes. | ||
| 533 |
_aElectronic reproduction. _bPalo Alto, Calif. : _cebrary, _d2011. _nAvailable via World Wide Web. _nAccess may be limited to ebrary affiliated libraries. |
||
| 650 | 0 | _aXin (The Chinese word) | |
| 650 | 0 |
_aHeart _xSymbolic aspects _zChina. |
|
| 655 | 7 |
_aElectronic books. _2local |
|
| 710 | 2 | _aebrary, Inc. | |
| 830 | 0 |
_aApplications of cognitive linguistics ; _v12. |
|
| 856 | 4 | 0 |
_uhttp://site.ebrary.com/lib/rucke/Doc?id=10282680 _zAn electronic book accessible through the World Wide Web; click to view |
| 999 |
_c3579 _d3579 |
||